00642nam a2200193Ii 450000100060000000300090000600800410001502000150005604000330007104100080010408200170011210000210012924500840015026401210023430000120035533600260036733700280039333800270042114305CO-ViMGA241108s9999||||xx |||||||||||||| ||und|| a9589639453 aCO-ViMGAbspaerdacCO-ViMGA0 aspa04a693.852 A76m1 aJosef Fabiarz F.10aManual de construcción sismo resistente de viviendas en Bahareque encementado 1aBogotá, Colombia : Asociación Colombiana de Ingeniería Sismica - AIS, [Fecha de publicación no identificada] avolumen atextbtxt2rdacontent aunmediatedbn2rdamedia avolumebnc2rdacarrier